Numéros des pilotes MotoGP (2026) - Statistiques

Statistiques générales
  • Ce quiz a été pris 66 fois
  • Le résultat moyen est 16 sur 22
Statistiques - réponses
Hint Réponse % Correct
20 Fabio Quartararo
85%
63 Francesco Bagnaia
85%
5 Johann Zarco
85%
89 Jorge Martin
82%
37 Pedro Acosta
82%
23 Enea Bastianini
79%
93 Marc Marquez
79%
72 Marco Bezzecchi
79%
33 Brad Binder
76%
49 Fabio Di Giannantonio
76%
36 Joan Mir
76%
73 Alex Marquez
73%
43 Jack Miller
73%
54 Fermin Aldeguer
70%
10 Luca Marini
70%
7 Toprak Razgatlioglu
70%
79 Ai Ogura
67%
11 Diogo Moreira
67%
21 Franco Morbidelli
67%
25 Raul Fernandez
67%
42 Alex Rins
64%
12 Maverick Vinales
64%
Aucun quiz correspondant
Distribution des résultats
% des personnes avec chaque résultat
Percentile par nombre de réponses
Votre historique - résultats
Vous n’avez pas pris ce quiz